<?xml version="1.0" encoding="UTF-8"?><?xml-stylesheet type="text/xsl" href="static/style.xsl"?><OAI-PMH xmlns="http://www.openarchives.org/OAI/2.0/" xmlns:xsi="http://www.w3.org/2001/XMLSchema-instance" xsi:schemaLocation="http://www.openarchives.org/OAI/2.0/ http://www.openarchives.org/OAI/2.0/OAI-PMH.xsd"><responseDate>2026-04-17T16:56:20Z</responseDate><request verb="GetRecord" identifier="oai:www.recercat.cat:2117/171553" metadataPrefix="marc">https://recercat.cat/oai/request</request><GetRecord><record><header><identifier>oai:recercat.cat:2117/171553</identifier><datestamp>2026-02-09T01:54:26Z</datestamp><setSpec>com_2072_1033</setSpec><setSpec>col_2072_452949</setSpec></header><metadata><record xmlns="http://www.loc.gov/MARC21/slim" xmlns:dcterms="http://purl.org/dc/terms/" xmlns:xsi="http://www.w3.org/2001/XMLSchema-instance" xmlns:doc="http://www.lyncode.com/xoai" xsi:schemaLocation="http://www.loc.gov/MARC21/slim http://www.loc.gov/standards/marcxml/schema/MARC21slim.xsd">
   <leader>00925njm 22002777a 4500</leader>
   <datafield ind2=" " ind1=" " tag="042">
      <subfield code="a">dc</subfield>
   </datafield>
   <datafield ind2=" " ind1=" " tag="720">
      <subfield code="a">Durán Calisto, Ana María</subfield>
      <subfield code="e">author</subfield>
   </datafield>
   <datafield ind2=" " ind1=" " tag="720">
      <subfield code="a">Van Sluys, Christine</subfield>
      <subfield code="e">author</subfield>
   </datafield>
   <datafield ind2=" " ind1=" " tag="260">
      <subfield code="c">2019-11</subfield>
   </datafield>
   <datafield ind2=" " ind1=" " tag="520">
      <subfield code="a">Mi taller es el barrio propone ubicar el epicentro de la enseñanza en Solanda, un complejo barrio popular de vivienda incremental en Quito. Son varias las estrategias pedagógicas aplicadas en nuestra interrelación con la comunidad. Desde el diseño, hemos hecho uso de herramientas tradicionales (diagnóstico técnico y mapeo sensorial) y otras menos concurrentes: urbanismos tácticos, incluido el despliegue del taller-galería cuya flexibilidad nos permite trabajar colectivamente y exponer lo producido en diversos espacios barriales. Las complejas circunstancias del barrios nos han obligado a expandir nuestras prácticas a métodos pluridisciplinares que nos permitan responder a necesidades relacionadas con reforzamiento estructural, levantamiento de datos y catastro comunitarios (KoBo Toolbox), y eventos organizados bajo el título “El barrio se toma la universidad” que buscan revertir la lógica de la experticia y presentar al barrio como el principal conocedor de sus circunstancias y necesidades, como agente crítico en la proyección urbana del futuro colectivo.</subfield>
   </datafield>
   <datafield ind2=" " ind1=" " tag="520">
      <subfield code="a">“The Neighborhood is my Studio” proposes to locate the epicenter of architectural education in Solanda, a popular neighborhood in Quito. We have experimented with several pedagogical methodologies in order to develop participatory urban and architectural design with and for the neighborhood. Some are traditional -diagnosis, sensory mapping, palimpsest-, others less so: tactical urbanisms, collective data gathering, or an urban gallery-workshop that allows us to transport the studio into public and communal spaces. The complex circumstances of the neighborhood have expanded our methods beyond our discipline into the realms of structural reinforcement, collective data gathering and cadaster build up (using KoBo Toolbox), urban commons mapping, and community event organizing. The series “The neighborhood takes over the university” attempted to revert the logic of what is traditionally considered expertise and present neighbors as the most knowledgeable actors regarding their needs, circumstances, and future expectations/imaginaries.</subfield>
   </datafield>
   <datafield ind2=" " ind1=" " tag="520">
      <subfield code="a">Peer Reviewed</subfield>
   </datafield>
   <datafield tag="653" ind2=" " ind1=" ">
      <subfield code="a">Àrees temàtiques de la UPC::Ensenyament i aprenentatge</subfield>
   </datafield>
   <datafield tag="653" ind2=" " ind1=" ">
      <subfield code="a">Àrees temàtiques de la UPC::Arquitectura</subfield>
   </datafield>
   <datafield tag="653" ind2=" " ind1=" ">
      <subfield code="a">Architecture -- Study and teaching (Higher)</subfield>
   </datafield>
   <datafield tag="653" ind2=" " ind1=" ">
      <subfield code="a">City planning</subfield>
   </datafield>
   <datafield tag="653" ind2=" " ind1=" ">
      <subfield code="a">Arquitectura</subfield>
   </datafield>
   <datafield tag="653" ind2=" " ind1=" ">
      <subfield code="a">Diseño urbano</subfield>
   </datafield>
   <datafield tag="653" ind2=" " ind1=" ">
      <subfield code="a">Pedagogía experimental</subfield>
   </datafield>
   <datafield tag="653" ind2=" " ind1=" ">
      <subfield code="a">Participación urbana</subfield>
   </datafield>
   <datafield tag="653" ind2=" " ind1=" ">
      <subfield code="a">Urbanismo táctico</subfield>
   </datafield>
   <datafield tag="653" ind2=" " ind1=" ">
      <subfield code="a">Architecture</subfield>
   </datafield>
   <datafield tag="653" ind2=" " ind1=" ">
      <subfield code="a">Urban design</subfield>
   </datafield>
   <datafield tag="653" ind2=" " ind1=" ">
      <subfield code="a">Experimental pedagogy</subfield>
   </datafield>
   <datafield tag="653" ind2=" " ind1=" ">
      <subfield code="a">Urban participation</subfield>
   </datafield>
   <datafield tag="653" ind2=" " ind1=" ">
      <subfield code="a">Tactical urbanism</subfield>
   </datafield>
   <datafield tag="653" ind2=" " ind1=" ">
      <subfield code="a">Arquitectura -- Ensenyament universitari</subfield>
   </datafield>
   <datafield tag="653" ind2=" " ind1=" ">
      <subfield code="a">Urbanisme</subfield>
   </datafield>
   <datafield ind2="0" ind1="0" tag="245">
      <subfield code="a">Mi taller es el barrio</subfield>
   </datafield>
   <datafield ind2="0" ind1="0" tag="245">
      <subfield code="a">The Neighborhood is my Studio</subfield>
   </datafield>
</record></metadata></record></GetRecord></OAI-PMH>